|
|
|
|
| LEADER |
00892nab a2200253 i 4500 |
| 001 |
publ25848 |
| 005 |
20221219154403.0 |
| 008 |
221219s2022 hu o 0|| Magyar d |
| 022 |
|
|
|a 0016-237X
|
| 024 |
7 |
|
|a 33365131
|2 mtmt
|
| 040 |
|
|
|a SZTE Publicatio Repozitórium
|b hun
|
| 041 |
|
|
|a Magyar
|
| 100 |
1 |
|
|a Dimák Balázs
|
| 245 |
1 |
2 |
|a A cochlearis implantátum posztoperatív processzorbeállításokban rejlő fejlesztési lehetőségei
|h [elektronikus dokumentum] /
|c Dimák Balázs
|
| 260 |
|
|
|c 2022
|
| 300 |
|
|
|a 51-52
|
| 490 |
0 |
|
|a FÜL-ORR-GÉGEGYÓGYÁSZAT
|v 68 No. 2
|
| 650 |
|
4 |
|a Klinikai orvostan
|
| 700 |
0 |
1 |
|a Horváth Bence
|e aut
|
| 700 |
0 |
1 |
|a Nagy Roland
|e aut
|
| 700 |
0 |
1 |
|a Schulcz Rebeka
|e aut
|
| 700 |
0 |
1 |
|a Kiss József Géza
|e aut
|
| 700 |
0 |
1 |
|a Rovó László
|e aut
|
| 856 |
4 |
0 |
|u http://publicatio.bibl.u-szeged.hu/25848/1/Acochlearisimplantatum...DimakB.FOG.pdf
|z Dokumentum-elérés
|